Beyoncé - Albums par ordre alphabétique - Statistiques

Statistiques générales
  • Ce quiz a été pris 20 fois
  • Le résultat moyen est 7 sur 9
Statistiques - réponses
Lettres Albums % Correct
Chiffres 4
89%
B B'Day
89%
B Beyoncé
83%
D Dangerously in Love
83%
R Renaissance
83%
C Cowboy Carter
78%
I I Am... Sasha Fierce
78%
L Lemonade
78%
E Everything Is Love (avec Jay-Z)
50%
Aucun quiz correspondant
Distribution des résultats
% des personnes avec chaque résultat
Percentile par nombre de réponses
Votre historique - résultats
Vous n’avez pas pris ce quiz